| 000 | 00445nam a2200181Ia 4500 | ||
|---|---|---|---|
| 001 | 68468 | ||
| 008 | 150918s9999 xx 000 0 und d | ||
| 020 | _a0465048927 | ||
| 040 | _cPK-LaUMT | ||
| 082 |
_aRCC 523.19 _bDAV-L |
||
| 100 | _aDavies, Paul | ||
| 245 | 4 |
_aThe last three minutes _cDavies, Paul |
|
| 260 |
_aNew York,USA: _bBantam Books, _c1994 |
||
| 300 | _a162 p. | ||
| 546 | _aEN | ||
| 650 | _aCosmology-Popular work | ||
| 942 | _cBK | ||
| 999 |
_c76061 _d76061 |
||